000 00341nam a2200145Ia 4500
008 090711s9999 xx 000 0 und d
082 _b59435
245 _aअफसाना
260 _c1987
300 _a312
630 _aअफसाना
700 _aपंडित राम
730 _aअफसाना
942 _cBOOK
999 _c310143
_d310143